| 000 | 00658 a2200181 4500 | ||
|---|---|---|---|
| 020 | _a9781338048261 | ||
| 020 | _a1338048260 | ||
| 041 | _aspa | ||
| 100 | _aEngle, Margarita | ||
| 245 | _aUna nina, un tambor, un sueno : como la valentà• de una nina cambio la musica / poema de Margarita Engle ; illustraciones de Rafael Lopez | ||
| 260 | _a [New York, N.Y.] : Scholastic, Inc., 2016. | ||
| 300 |
_a 1 volume (unpaged) : color illustrations ; _c26 cm |
||
| 500 | _aOriginally published in English as Drum dream girl : how one girl's courage changed music. | ||
| 700 | 1 | 0 | _aLopez Rafael |
| 700 | 1 | 0 | _aLombana, Juan Pablo |
| 942 | _cBK | ||
| 952 | _71 | ||
| 999 |
_c20887 _d20887 |
||